Ako zvládať konflikty

Bibliographic Details
Main Authors: Kačáni, Vladislav, 1933-2007 (Author), Bucková, Michaela (Author)
Format: Book
Language:Slovak
Published: Bratislava Iris 2001
ISBN:8089018211
Subjects:

MARC

LEADER 00000cam a2200000 a 4500
001 vtls001425896
003 SK-MaSNL
005 20260301202607.0
008 240318s2001 xo a g 000 0 slo
015 |a SNBA2002/03-01025 
020 |a 8089018211  |q (viaz.) 
035 |a SNK000380818 
035 |a urn:nbn:sk:snk-amknrq 
035 |a urn:nbn:sk:snk-am0048ae 
035 |a 226A7120-8A14-4AB5-BE9C-8C261B71C1A9 
040 |a SNK  |b slo  |c SNK  |e AACR2 
041 0 |a slo 
044 |a xo  |c SK 
080 |a 301.165:159.923.2(035)  |2 1981 
080 |a 159.923.2(035)  |2 1981 
100 1 |a Kačáni, Vladislav,  |d 1933-2007  |4 aut  |9 106818 
245 1 0 |a Ako zvládať konflikty  |c Vladislav Kačáni, Michaela Bucková 
260 |a Bratislava  |b Iris  |c 2001 
504 |a Bibliogr. s. 134-135 
650 0 7 |a konflikty  |x riešenie  |2 SNK  |9 584862 
650 0 7 |a interpersonálne vzťahy  |2 SNKPH  |9 3770 
650 0 7 |a interpersonálne konflikty  |2 SNKPH  |9 4475 
650 0 7 |a interpersonálna komunikácia  |2 SNKPH  |9 2690 
655 7 |a príručky  |2 SNK  |9 74364 
700 1 |a Bucková, Michaela  |4 aut  |9 583184 
919 |a 80-89018-21-1 
999 |c 899397  |d 901327 
952 |t P60, <03>, [BOOK], {603}  |a SNK  |b SNK  |y PREZ  |7 0  |p 17A0326217  |o snkSC 106833  |i snkKSP 13936/2001  |0 0  |1 0  |4 0  |d 2001-12-18  |f 1  |l 0  |r 2025-09-26 00:00:00  |w 2026-02-24 
952 |t P60, <04>, [BOOK], {604}  |a SNK  |b SNK  |y VYP  |7 0  |p 17A0326218  |o snkSC 106833 D1  |i snkKSP 13937/2001  |0 0  |1 0  |4 0  |d 2001-12-18  |l 0  |r 2005-01-02 00:00:00  |w 2026-02-24